Złota Piłka 2001 - Top 10 - Statystyki

Ogólne statystyki
  • Ten quiz został rozwiązany 206 razy
  • Średni wynik to 9 z 10
Statystyki odpowiedzi
Lp. Klub Kraj Zawodnik % Poprawnych
9 Arsenal Francja Thierry Henry
96%
6 Real M. Portugalia Luis Figo
95%
10 Real M. Francja Zinedine Zidane
92%
2 Real M. Hiszpania Raul Gonzalez
89%
8 Milan Ukraina Andrij Szewczenko
87%
1 Liverpool Anglia Michael Owen
84%
7 Barcelona Brazylia Rivaldo
84%
5 Roma Włochy Francesco Totti
83%
4 Man United Anglia David Beckham
79%
3 Bayern Niemcy Oliver Kahn
78%
Nie znaleziono quizów pasujących do podanych kryteriów
Rozkład punktacji
Procent ludzi z każdym wynikiem
Percentyl według liczby udzielonych odpowiedzi
Twoja historia wyników
Nie rozwiązałeś tego quizu